| 000 | 00728nam a22002057a 4500 | ||
|---|---|---|---|
| 999 |
_c16162 _d16162 |
||
| 003 | AR-CdUCM | ||
| 008 | 190502b ||||| |||| 00| 0 spa d | ||
| 040 |
_aMUNICIPALIDAD PROVINCIAL DEL CUSCO _cBIBLIOTECA MUNICIPAL DEL CUSCO |
||
| 082 |
_a155.3 / _bJ89 |
||
| 100 |
_aJung, C. G. _935447 |
||
| 245 | _aTeoría del Psicoanálisis / | ||
| 260 |
_aMexico : _bEditora Nacional, _c1964. |
||
| 300 |
_a234 paginas ; _c20 cm. |
||
| 505 | _aContenido: de la teoria traumatica -- sueños y neurosis -- los principios de la terapia -- analisis de una niña de once años... | ||
| 650 |
_aTeoria _95077 |
||
| 650 |
_aPsicoanalisis _917124 |
||
| 700 |
_aBrachfeld, F. Oliver _935448 |
||
| 942 |
_2ddc _cLIBROS |
||
| 945 |
_apjha _d2019-05-02 |
||